000 00998nam a2200205 a 4500
001 000044762
005 20251120073733.0
008 150109s2012 dr 000 0 spa d
020 _a9789945879025
040 _aDO-SdBNP
_bspa
_cBNPHU
245 0 0 _aPresidencialismo y Democracia en la Sociedad Dominicana :
_b(1994-2010) /
_cFlavio Darío Espinal...[et. al].
260 _aSanto Domingo :
_bPontificia Universidad Católica Madre y Maestra (PUCMM),
_c2012.
300 _a341 p. ;
_c24 cm.
490 1 _aCiudadanía y política pública
504 _aIncluye notas al pie de las páginas
505 0 _aControl social --
_tRepública Dominicana | Democracia --
_tRepública Dominicana | Poder (Ciencias sociales) --
_tRepública Dominicana | Poder ejecutivo --
_tRepública Dominicana | República Dominicana -- Política y gobierno
700 1 _aEspinal, Flavio Darío
_92669
710 2 _aPontificia Universidad Católica Madre y Maestra
_9843
830 0 _aCiudadanía y política pública
_972770
999 _c44251
_d44251